000 00468nam a2200169 4500
001 14450
005 20230410101949.0
008 060907n1994 dr spa
035 _9funglode14572
041 _aES
050 1 4 _a118 F 1938.58 R387p 1994
100 _aRemigio, Diómedes
245 1 _aPeña Gomez :
_bsu pensamiento político /
_cDiómedes Remigio
260 _aSanto Domingo :
_bEditora Victorama,
_c1994
300 _a197 p.
942 _2lcc
_cbk
999 _c16524
_d16524